000 00720nam a2200181Ia 4500
008 100920s9999 xx 000 0 und d
082 _b40240
_a28 व 51 थ 50
100 _aसंग्राहक-देवगिरीकर त्र्यं.र.
245 _aचिरस्मृति भाग दुसरा.
260 _bचित्रशाळा प्रकाशन.पुणे2.
_c1950
300 _a168
_bसाधी
365 _b2.5
520 _aबा. वि चरित्र.
630 _aचिरस्मृति भाग दुसरा.
650 _aबा. वि चरित्र.
730 _aचिरस्मृति भाग दुसरा.
942 _cBOOK
999 _c691421
_d691418